Statistics for Европейски шампиони по футбол - 11-те от финала

Click here to take the quiz!

General Stats

  • This quiz has been taken 13 times
    (11 since last reset)
  • The average score is 38 of 168

Answer Stats

Answer% Correct
Иниеста
88%
Киелини
88%
Бонучи
88%
Роналдо
88%
Шави
88%
Фабрегас
75%
Алонсо
75%
Жоржиньо
75%
Донарума
75%
Торес
75%
Пике
75%
Зидан
63%
Касиляс
63%
Рамос
63%
Имобиле
63%
Верати
63%
Патрисио
63%
Нани
63%
Пуйол
50%
Гулит
50%
Ван Бастен
50%
Тюрам
50%
Бускетс
50%
Киеза
50%
Алба
50%
Силва
50%
Пепе
50%
Емерсон
38%
Клинсман
38%
Платини
38%
Лаудруп
38%
Кьопке
38%
Циге
38%
Бартез
38%
Барела
38%
Санчес
38%
Десаи
38%
Блан
38%
Лизаразу
38%
Анри
38%
Румениге
38%
Фернандес
38%
Яшин
38%
Мюлер
38%
Виейра
25%
Ван Брьокелен
25%
Рийкард
25%
Куман
25%
Ваутерс
25%
Хьонес
25%
Шмайхел
25%
Замер
25%
Бабел
25%
Виктор
25%
Бекенбауер
25%
Майер
25%
Рива
25%
Дешан
25%
Лакомб
25%
Джоркаеф
25%
Дюгари
25%
Басинас
25%
Харистеас
25%
Капдевила
25%
Дзоф
25%
Суарес
25%
Герейро
25%
Ди Лоренцо
25%
Понеделник
25%
Иванов
25%
Инсиние
25%
Белон
25%
Мюрен
25%
Нетцер
25%
Батистон
25%
Шустер
25%
Калтц
25%
Щилике
25%
Шумахер
25%
Тигана
25%
Батс
25%
Паненка
25%
Жирес
25%
Босис
25%
Хрубеш
25%
Арбелоа
13%
Нехода
13%
Айлтц
13%
Кацуранис
13%
Фисас
13%
Делас
13%
Сена
13%
Никополидис
13%
Соареш
13%
Факети
13%
Карвальо
13%
Ирибар
13%
Кунц
13%
Марчена
13%
Шол
13%
Хеслер
13%
Щрунц
13%
Брайтнер
13%
Ларсен
13%
Домерг
13%
Ван Аерле
13%
Льо Ру
13%
Ван Тигелен
0%
Модер
0%
Марселино
0%
Переда
0%
Фусте
0%
Зоко
0%
Калеха
0%
Амансио
0%
Ваненбург
0%
Оливела
0%
Фонте
0%
Лапетра
0%
Ривиля
0%
Добиаш
0%
Марио
0%
Хайнкес
0%
Месхи
0%
Бубукин
0%
Чапкович
0%
Гьог
0%
Метревели
0%
Пиварник
0%
Нето
0%
Войнов
0%
Масльонкин
0%
Крутиков
0%
Ондруш
0%
Салвадоре
0%
Масни
0%
Хьотгес
0%
Йенсен
0%
Хелмер
0%
Алофс
0%
Кремерс
0%
Шварценбек
0%
Поулсен
0%
Бригел
0%
Анастази
0%
Доменгини
0%
Де Систи
0%
Фьорстер
0%
Дитц
0%
Мацола
0%
Вилфорт
0%
Кристофте
0%
Гуарнери
0%
Сивебек
0%
Капсис
0%
Нилсен
0%
Пиехник
0%
Олсен
0%
Загоракис
0%
Швехлик
0%
Вимер
0%
Янакопулос
0%
Вризас
0%
Бургнич
0%
Розато
0%
Чохели
0%
Сейтаридис
0%

Score Distribution

Percentile by Number Answered

Percent of People with Each Score

Your Score History

You have not taken this quiz since the last reset